Model predictive control of wastewater systems / (Record no. 33248)

000 -LEADER
fixed length control field 01322cam a22003857a 4500
001 - CONTROL NUMBER
control field 16438740
003 - CONTROL NUMBER IDENTIFIER
control field OSt
005 - DATE AND TIME OF LATEST TRANSACTION
control field 20211109150847.0
008 - FIXED-LENGTH DATA ELEMENTS--GENERAL INFORMATION
fixed length control field 100830s2010 enkab b 001 0 eng
010 ## - LIBRARY OF CONGRESS CONTROL NUMBER
LC control number 2010935941
015 ## - NATIONAL BIBLIOGRAPHY NUMBER
National bibliography number GBB0A5482
Source bnb
016 7# - NATIONAL BIBLIOGRAPHIC AGENCY CONTROL NUMBER
Record control number 015640140
Source Uk
020 ## - INTERNATIONAL STANDARD BOOK NUMBER
International Standard Book Number 9781849963527 (hbk.)
035 ## - SYSTEM CONTROL NUMBER
System control number (OCoLC)ocn646113905
038 ## - RECORD CONTENT LICENSOR
Staff Name Khadija
040 ## - CATALOGING SOURCE
Original cataloging agency UKM
Transcribing agency UKM
Modifying agency BTCTA
-- YDXCP
-- C#P
-- CDX
-- UKMGB
-- DLC
042 ## - AUTHENTICATION CODE
Authentication code lccopycat
050 00 - LIBRARY OF CONGRESS CALL NUMBER
Classification number TD662
Item number .O23 2010
082 04 - DEWEY DECIMAL CLASSIFICATION NUMBER
Classification number 628.214
Edition number 22
Author Mark OCA
100 1# - MAIN ENTRY--PERSONAL NAME
Personal name Ocampo-Martinez, Carlos.
9 (RLIN) 83749
245 10 - TITLE STATEMENT
Title Model predictive control of wastewater systems /
Statement of responsibility, etc. Carlos Ocampo-Martinez.
260 ## - PUBLICATION, DISTRIBUTION, ETC.
Place of publication, distribution, etc. London ;
-- New York :
Name of publisher, distributor, etc. Springer,
Date of publication, distribution, etc. c2010.
300 ## - PHYSICAL DESCRIPTION
Extent xxx, 216 p. :
Other physical details ill. (some col.), col. map ;
Dimensions 24 cm.
490 1# - SERIES STATEMENT
Series statement Advances in industrial control,
International Standard Serial Number 1430-9491
500 ## - GENERAL NOTE
General note Includes Internet access.
504 ## - BIBLIOGRAPHY, ETC. NOTE
Bibliography, etc. note Includes bibliographical references and index.
563 ## - BINDING INFORMATION
Binding note hardcover
650 #0 - SUBJECT ADDED ENTRY--TOPICAL TERM
Topical term or geographic name entry element Combined sewers
General subdivision Automatic control.
9 (RLIN) 83750
650 #0 - SUBJECT ADDED ENTRY--TOPICAL TERM
Topical term or geographic name entry element Predictive control.
9 (RLIN) 83751
830 #0 - SERIES ADDED ENTRY--UNIFORM TITLE
Uniform title Advances in industrial control.
9 (RLIN) 83752
906 ## - LOCAL DATA ELEMENT F, LDF (RLIN)
a 7
b cbc
c copycat
d 2
e ncip
f 20
g y-gencatlg
942 ## - ADDED ENTRY ELEMENTS (KOHA)
Source of classification or shelving scheme
Koha item type Book
Holdings
Withdrawn status Lost status Source of classification or shelving scheme Damaged status Not for loan Permanent Location Current Location Shelving location Date acquired Full call number Barcode Date last seen Price effective from Koha item type
          School of Mechanical & Manufacturing Engineering (SMME) School of Mechanical & Manufacturing Engineering (SMME) General Stacks 01/18/2016 628.214 OCA SMME-1989 03/29/2018 01/18/2016 Book
© 2023 Central Library, National University of Sciences and Technology. All Rights Reserved.